书目信息 |
| 题名: |
仪器分析
|
|
| 作者: | 魏福祥 , 韩菊 , 刘宝友 编著 | |
| 分册: | ||
| 出版信息: | 北京 中国石化出版社 2018.10 |
|
| 页数: | 298页 | |
| 开本: | 26cm | |
| 丛书名: | ||
| 单 册: | ||
| 中图分类: | O657 | |
| 科图分类: | ||
| 主题词: | 仪器分析--yi qi fen xi--高等教育--教材 | |
| 电子资源: | ||
| ISBN: | 978-7-5114-5070-8 | |
| 000 | 01009nam0 2200277 450 | |
| 001 | 202019136431 | |
| 005 | 20191026133320.0 | |
| 010 | @a978-7-5114-5070-8@dCNY58.00 | |
| 100 | @a20191022d2018 em y0chiy50 ea | |
| 101 | 0 | @achi |
| 102 | @aCN@b110000 | |
| 105 | @aak a 000yy | |
| 106 | @ar | |
| 200 | 1 | @a仪器分析@Ayi qi fen xi@f魏福祥, 韩菊, 刘宝友编著 |
| 210 | @a北京@c中国石化出版社@d2018.10 | |
| 215 | @a298页@c图@d26cm | |
| 320 | @a有书目 (第298页) | |
| 330 | @a《仪器分析》内容主要包括: 红外光谱法、紫外光谱法、核磁共振波谱法、质谱法、原子吸收光谱法、气相色谱法、高效液相色谱法、电位分析法、电解分析法与库仑分析法、伏安分析法等的基本知识、方法原理、仪器组成和方法应用等方面的内容。 | |
| 333 | @a普通高等教育“十三五”规划教材 | |
| 606 | 0 | @a仪器分析@Ayi qi fen xi@x高等教育@j教材 |
| 690 | @aO657@v5 | |
| 701 | 0 | @a魏福祥@Awei fu xiang@4编著 |
| 701 | 0 | @a韩菊@Ahan ju@4编著 |
| 701 | 0 | @a刘宝友@Aliu bao you@4编著 |
| 801 | 0 | @aCN@c20190905 |
| 905 | @a河南城建学院图书馆@dO657@eW583-2 | |
| 仪器分析/魏福祥, 韩菊, 刘宝友编著.-北京:中国石化出版社,2018.10 |
| 298页:图;26cm |
| 使用对象:普通高等教育“十三五”规划教材 |
| ISBN 978-7-5114-5070-8:CNY58.00 |
| 《仪器分析》内容主要包括: 红外光谱法、紫外光谱法、核磁共振波谱法、质谱法、原子吸收光谱法、气相色谱法、高效液相色谱法、电位分析法、电解分析法与库仑分析法、伏安分析法等的基本知识、方法原理、仪器组成和方法应用等方面的内容。 |
| ● |
| 相关链接 |
|
|
|
正题名:仪器分析
索取号:O657/W583-2
 
预约/预借
| 序号 | 登录号 | 条形码 | 馆藏地/架位号 | 状态 | 备注 |
| 1 | 1445171 | 214451715 | 自科库401/401自科库 95排2列2层/ [索取号:O657/W583-2] | 在馆 | |
| 2 | 1445172 | 214451724 | 自科库401/401自科库 95排2列2层/ [索取号:O657/W583-2] | 在馆 |